Bombay to Mumbai : (Record no. 135253)

MARC details
000 -LEADER
fixed length control field 00892nam a22002657a 4500
005 - DATE AND TIME OF LATEST TRANSACTION
control field 20170124110242.0
010 ## - LIBRARY OF CONGRESS CONTROL NUMBER
LC control number A-943446
020 ## - INTERNATIONAL STANDARD BOOK NUMBER
Terms of availability 3000.00
International Standard Book Number 8185026378
035 ## - SYSTEM CONTROL NUMBER
System control number A-943446
037 ## - SOURCE OF ACQUISITION
Source of stock number/acquisition Cen Lib/Ret
040 ## - CATALOGING SOURCE
Original cataloging agency DPL
Language of cataloging EN
082 ## - DEWEY DECIMAL CLASSIFICATION NUMBER
Classification number 954.41
Item number BOM
245 ## - TITLE STATEMENT
Title Bombay to Mumbai :
Statement of responsibility, etc edited by Pauline Rohatgi, Pheroza Godrej [and] Rahul Mehrotra
Remainder of title changing perspectives /
246 ## - VARYING FORM OF TITLE
Remainder of title
260 ## - PUBLICATION, DISTRIBUTION, ETC. (IMPRINT)
Place of publication, distribution, etc New Delhi
Name of publisher, distributor, etc Marg Publications
Date of publication, distribution, etc 1997
270 ## - ADDRESS
City New Delhi
Address 148, Mhatama gandhi road
Postal code 400001
300 ## - PHYSICAL DESCRIPTION
Extent 324p. :
Dimensions 33cm(Hb)
Other physical details ill.
Accompanying material maps
500 ## - GENERAL NOTE
General note Includes bibliographical references and index
650 ## - SUBJECT ADDED ENTRY--TOPICAL TERM
Topical term or geographic name as entry element Mumbai (India)
9 (RLIN) 95610
650 ## - SUBJECT ADDED ENTRY--TOPICAL TERM
Topical term or geographic name as entry element Mumbai (India) -- Pictorial works.
9 (RLIN) 95611
700 ## - ADDED ENTRY--PERSONAL NAME
Personal name Rohatgi, Pauline
9 (RLIN) 95612
700 ## - ADDED ENTRY--PERSONAL NAME
Personal name Godrej, Pheroza
9 (RLIN) 95613
700 ## - ADDED ENTRY--PERSONAL NAME
Personal name Mehrotra, Rahul
9 (RLIN) 95614
942 ## - ADDED ENTRY ELEMENTS (KOHA)
Source of classification or shelving scheme Dewey Decimal Classification
Koha item type English Books
Classification part 954.41
Call number suffix BOM
Holdings
Withdrawn status Lost status Damaged status Not for loan Collection code Home library Current library Date acquired Source of acquisition Cost, normal purchase price Total Checkouts Full call number Barcode Date last seen Copy number Cost, replacement price Price effective from Koha item type
      Not For Loan Reference Central Library Central Library 03/10/2015 Cen Lib/Ret 3000.00   954.41 BOM A-943446 03/10/2015 1 3000.00 03/10/2015 English Books

© Delhi Public Library
Hit Counter
free hit counter